[Event "Groseko Udaberriko V. Txapelke"]
[Site "Donostia-San Sebastián"]
[Date "2009.06.13"]
[Round "6.1"]
[White "Etxaurren Gavina, Asier"]
[Black "Rodriguez Cabrera, Fco  Javier"]
[Result "0-1"]
[WhiteElo "1998"]
[BlackElo "1894"]
[PlyCount "67"]
[EventDate "2009.05.09"]
[EventRounds "7"]
[EventCountry "ESP"]

1. d4 Nf6 2. c4 g6 3. Nf3 Bg7 4. g3 O-O 5. Bg2 c5 6. O-O cxd4 7. Nxd4 Nc6 8.
Nc3 Nxd4 9. Qxd4 d6 10. Qd1 Rb8 11. Be3 b6 12. f3 Be6 13. Nd5 b5 14. Bxa7 Rb7
15. Nxf6+ Bxf6 16. Bd4 Bxd4+ 17. Qxd4 Bxc4 18. Kf2 e5 19. Qe3 b4 20. b3 Bb5 21.
Rfc1 d5 22. Qc5 Re8 23. e3 d4 24. e4 Qg5 25. f4 Qh5 26. Re1 Ree7 27. fxe5 Rec7
28. Qxd4 Rd7 29. Qb2 Rd3 30. Kg1 Rbd7 31. Rac1 Rd2 32. Rc8+ Kg7 33. e6+ Rxb2
34. exd7 0-1

[Event "Groseko Udaberriko V. Txapelke"]
[Site "Donostia-San Sebastián"]
[Date "2009.06.13"]
[Round "6.1"]
[White "Sampedro Garcia, Jose Luis"]
[Black "Bello Castano, Diego"]
[Result "0-1"]
[WhiteElo "1882"]
[BlackElo "1916"]
[PlyCount "138"]
[EventDate "2009.05.09"]
[EventRounds "7"]
[EventCountry "ESP"]

1. e4 c6 2. d4 d5 3. Nc3 dxe4 4. Nxe4 Nf6 5. Nc5 Nbd7 6. Nb3 Nb6 7. Nf3 Bg4 8.
Be2 h6 9. Nc5 Qc7 10. Be3 e6 11. Nd3 Bd6 12. h3 Bh5 13. Qc1 Nbd5 14. Bd2 Ne4
15. c4 Nxd2 16. Qxd2 Nf4 17. c5 Nxg2+ 18. Kf1 Bf4 19. Qd1 Bxf3 20. Bxf3 Nh4 21.
Be4 f5 22. Qh5+ Qf7 23. Bxc6+ bxc6 24. Qxf7+ Kxf7 25. Nxf4 Nf3 26. Rd1 Rhd8 27.
Nd3 Nxd4 28. Ne5+ Kf6 29. Nc4 Nb5 30. Kg2 Rd5 31. Rxd5 exd5 32. Na5 Rc8 33. a4
Nd4 34. b4 a6 35. Rb1 Ke6 36. Rb2 Kd7 37. Rd2 Ne6 38. Nc4 Kc7 39. Nd6 Rb8 40.
Rb2 Nxc5 41. Nxf5 Nxa4 42. Ra2 Rxb4 43. Nxg7 Nc5 44. Nf5 h5 45. f3 Rf4 46. Ng3
h4 47. Ne2 Ra4 48. Rc2 Ne6 49. Rb2 Nf4+ 50. Nxf4 Rxf4 51. Ra2 Kb6 52. Rb2+ Kc5
53. Ra2 Kb5 54. Rb2+ Rb4 55. Rf2 a5 56. f4 a4 57. f5 a3 58. f6 Rb2 59. f7 Rxf2+
60. Kxf2 a2 61. f8=Q a1=Q 62. Qb8+ Kc4 63. Qf4+ Qd4+ 64. Qxd4+ Kxd4 65. Ke2 Ke4
66. Kf2 d4 67. Ke2 c5 68. Kf2 d3 69. Ke1 Ke3 0-1

[Event "Groseko Udaberriko V. Txapelke"]
[Site "Donostia-San Sebastián"]
[Date "2009.06.20"]
[Round "7.1"]
[White "Argandona Riveiro, Inigo"]
[Black "Tung, Kai Ming"]
[Result "1-0"]
[WhiteElo "2371"]
[BlackElo "1924"]
[PlyCount "107"]
[EventDate "2009.05.09"]
[EventRounds "7"]
[EventCountry "ESP"]

1. Nf3 e6 2. g3 b6 3. Bg2 Bb7 4. O-O Nf6 5. c4 Be7 6. Nc3 O-O 7. Re1 d6 8. e4
Nbd7 9. d4 e5 10. d5 Ne8 11. Rb1 h6 12. b4 g5 13. h4 Kg7 14. hxg5 hxg5 15. Nxg5
Bxg5 16. Qg4 f6 17. f4 exf4 18. gxf4 Ne5 19. fxe5 dxe5 20. Bxg5 fxg5 21. Rf1
Rf4 22. Rxf4 exf4 23. e5 a5 24. Ne4 Bc8 25. Qxg5+ Qxg5 26. Nxg5 axb4 27. Rxb4
Rxa2 28. c5 Kg6 29. Ne4 Ra1+ 30. Kh2 Ra2 31. Kg1 Ra1+ 32. Kf2 Bg4 33. cxb6 Ra2+
34. Kg1 cxb6 35. Nf2 Kg5 36. d6 Be6 37. Nd3 Nxd6 38. exd6 Rd2 39. Nxf4 Rxd6 40.
Rd4 Bd5 41. Nxd5 b5 42. Rb4 Ra6 43. Kf2 Ra5 44. Ne3 Ra2+ 45. Kf3 Ra5 46. Bf1
Ra8 47. Rxb5+ Kf6 48. Bc4 Ra3 49. Kf4 Ke7 50. Nf5+ Kd7 51. Bd5 Ra4+ 52. Ke5 Ra7
53. Rc5 Ra1 54. Be6+ 1-0

[Event "Groseko Udaberriko V. Txapelke"]
[Site "Donostia-San Sebastián"]
[Date "2009.06.20"]
[Round "7.1"]
[White "Bello Castano, Diego"]
[Black "Olmo Vega, Diego"]
[Result "1-0"]
[WhiteElo "1916"]
[BlackElo "1992"]
[PlyCount "35"]
[EventDate "2009.05.09"]
[EventRounds "7"]
[EventCountry "ESP"]

1. Nf3 Nf6 2. b3 g6 3. Bb2 Bg7 4. e4 d6 5. Qe2 O-O 6. d4 c5 7. dxc5 dxc5 8.
Nbd2 Qc7 9. O-O-O Rd8 10. h4 Nc6 11. e5 Ng4 12. h5 Ngxe5 13. hxg6 hxg6 14. Ng5
Nd4 15. Qe4 f6 16. Nc4 Nxc4 17. Qxg6 Ne5 18. Rh8+ 1-0

[Event "Groseko Udaberriko V. Txapelke"]
[Site "Donostia-San Sebastián"]
[Date "2009.06.20"]
[Round "7.1"]
[White "Rodriguez Cabrera, Fco  Javier"]
[Black "Segovia Sanchez, Antonio"]
[Result "1-0"]
[WhiteElo "1894"]
[BlackElo "2018"]
[PlyCount "53"]
[EventDate "2009.05.09"]
[EventRounds "7"]
[EventCountry "ESP"]

1. e4 d5 2. exd5 Qxd5 3. Nc3 Qa5 4. d4 Nf6 5. Bd2 c6 6. Bd3 Qb6 7. Nge2 Bg4 8.
O-O e6 9. Be3 Qc7 10. f3 Bh5 11. Ne4 Nbd7 12. Bf4 e5 13. dxe5 Nxe4 14. Bxe4
Bc5+ 15. Kh1 Nxe5 16. Qe1 Qe7 17. Ng3 f6 18. Nxh5 O-O-O 19. Ng3 g6 20. Be3 Bd6
21. Bxa7 h5 22. Bb6 Rde8 23. Rd1 h4 24. Nf5 gxf5 25. Bxf5+ Kb8 26. Qa5 Nd7 27.
Bxd7 1-0

[Event "Groseko Udaberriko V. Txapelke"]
[Site "Donostia-San Sebastián"]
[Date "2009.06.20"]
[Round "7.1"]
[White "Izagirre Alsua, Aritz"]
[Black "Torres, Patrice"]
[Result "0-1"]
[WhiteElo "1809"]
[BlackElo "2011"]
[PlyCount "74"]
[EventDate "2009.05.09"]
[EventRounds "7"]
[EventCountry "ESP"]

1. e4 e6 2. Nc3 d5 3. d3 Nf6 4. Qe2 d4 5. Nb1 e5 6. h3 Bd6 7. g3 c5 8. Bg2 Nc6
9. Qd1 Be6 10. Nf3 h6 11. O-O Qd7 12. Kh2 g5 13. Ng1 O-O-O 14. Ne2 Ne7 15. c3
Ng6 16. Rh1 Qe7 17. c4 Rdg8 18. Kg1 Rh7 19. Na3 Rhg7 20. Nc2 Qd7 21. a3 Nf4 22.
Bxf4 gxf4 23. b4 h5 24. bxc5 Bxc5 25. Nb4 h4 26. Nd5 Ne8 27. Kf1 hxg3 28. fxg3
fxg3 29. Qb3 Rh8 30. Qb5 Qxb5 31. cxb5 f5 32. Rc1 b6 33. Ng1 fxe4 34. dxe4 Rf8+
35. Nf3 Bxd5 36. exd5 e4 37. Ke2 exf3+ 0-1

[Event "Groseko Udaberriko V. Txapelke"]
[Site "Donostia-San Sebastián"]
[Date "2009.06.20"]
[Round "7.1"]
[White "Zaballa Zarzosa, Jon"]
[Black "Argandona Riveiro, Jon"]
[Result "1-0"]
[WhiteElo "1805"]
[BlackElo "1991"]
[PlyCount "97"]
[EventDate "2009.05.09"]
[EventRounds "7"]
[EventCountry "ESP"]

1. e4 d6 2. d4 Nf6 3. Nc3 e5 4. dxe5 dxe5 5. Qxd8+ Kxd8 6. Bg5 Be6 7. O-O-O+
Nbd7 8. Nf3 Bd6 9. Bd3 a6 10. Rhe1 h6 11. Bh4 g5 12. Bg3 Nh5 13. Nd5 Nxg3 14.
hxg3 Bxd5 15. exd5 Re8 16. Bf5 Nf6 17. Nd2 Bc5 18. Re2 e4 19. Nb3 Bd6 20. Rde1
Nxd5 21. Bxe4 c6 22. c4 Nf6 23. c5 Nxe4 24. Rxe4 Rxe4 25. Rxe4 Bf8 26. Na5 Kc7
27. b4 b6 28. Nb3 Rd8 29. Kc2 bxc5 30. Nxc5 Rd5 31. Nxa6+ Kb6 32. Nc5 Bxc5 33.
bxc5+ Rxc5+ 34. Kb3 Rd5 35. Rb4+ Rb5 36. a4 Rxb4+ 37. Kxb4 h5 38. f4 h4 39. a5+
Ka6 40. f5 hxg3 41. f6 g4 42. Kc5 Kxa5 43. Kxc6 Kb4 44. Kd6 Kc4 45. Ke7 Kd3 46.
Kxf7 Ke2 47. Kg6 Kf2 48. f7 Kxg2 49. f8=Q 1-0

[Event "Groseko Udaberriko V. Txapelke"]
[Site "Donostia-San Sebastián"]
[Date "2009.06.20"]
[Round "7.1"]
[White "Izquierdo Arruferia, Joseba"]
[Black "Etxaurren Gavina, Asier"]
[Result "0-1"]
[WhiteElo "1768"]
[BlackElo "1998"]
[PlyCount "106"]
[EventDate "2009.05.09"]
[EventRounds "7"]
[EventCountry "ESP"]

1. e4 d5 2. exd5 Qxd5 3. Nc3 Qa5 4. Bc4 Nf6 5. d3 c6 6. Bd2 Qc7 7. h3 Bf5 8.
Nf3 e6 9. Qe2 Be7 10. O-O-O Nbd7 11. Nh4 Bg6 12. Nxg6 hxg6 13. Rhe1 O-O-O 14.
Kb1 Bd6 15. Ne4 Nxe4 16. Qxe4 b5 17. Bb3 Nc5 18. Qf3 Nxb3 19. axb3 e5 20. Bc3
Kb7 21. d4 exd4 22. Bxd4 f6 23. Bc3 Bc5 24. Bd2 g5 25. Be3 Bxe3 26. Rxd8 Rxd8
27. Qxe3 Rd7 28. Kc1 Qa5 29. Kb1 Qd2 30. Qxd2 Rxd2 31. Rf1 Kc7 32. Kc1 Re2 33.
Kd1 Re5 34. Re1 Kd6 35. Re2 f5 36. Rd2+ Rd5 37. Ke2 c5 38. Rd3 a6 39. Ke3 Rxd3+
40. Kxd3 Kd5 41. Ke3 c4 42. bxc4+ bxc4 43. c3 Ke5 44. Kf3 a5 45. Ke3 f4+ 46.
Kf3 Kf5 47. g4+ Ke5 48. Ke2 Ke4 49. f3+ Kd5 50. Kd2 Kc5 51. Kc2 Kb5 52. b3
cxb3+ 53. Kxb3 a4+ 0-1